Diseño de estructura de pavimento articulado y obras de drenaje de 1.113 km del tramo Rancho de Don Luis - entrada a Hotel Marduk Gardens, en el municipio de San Nicolás, departamento de Esteli
El presente trabajo comprende todos los criterios y estudios técnicos necesarios para la realización del proyecto titulado: Diseño de Estructura de Pavimento Articulado y Obras de Drenaje de 1.113 km del Tramo Rancho de Don Luis - Entrada a Hotel Marduk Gardens, en el Municipio de San Nicolás,...
| Main Authors: | , |
|---|---|
| Other Authors: | |
| Format: | Tesis Section = Libro |
| Language: | Undetermined Spanish |
| Published: |
Managua
UNI/RUACS
2020
|
| Subjects: |
| LEADER | 01412nam a2200301Ia 4500 | ||
|---|---|---|---|
| 008 | 240830s9999 xx 000 0 und d | ||
| 040 | |a BIBLIOTECA-RUPAP Mon 625.85 Z49 | ||
| 041 | |a spa | ||
| 082 | |a Mon 625.85 Z49 | ||
| 100 | 1 | |a Zeledón Centeno, Candelario | |
| 100 | 1 | |b Téllez Velásquez, Keylin Maryuri | |
| 245 | 1 | 0 | |a Diseño de estructura de pavimento articulado y obras de drenaje de 1.113 km del tramo Rancho de Don Luis - entrada a Hotel Marduk Gardens, en el municipio de San Nicolás, departamento de Esteli |
| 260 | |a Managua |b UNI/RUACS |c 2020 | ||
| 300 | |a 136p.87, XXX p. :il. | ||
| 500 | |a Contiene: anexos y CD. | ||
| 502 | |a Tesis (Ingeniero Civil)- UNI, 2020. | ||
| 520 | 3 | |a El presente trabajo comprende todos los criterios y estudios técnicos necesarios para la realización del proyecto titulado: Diseño de Estructura de Pavimento Articulado y Obras de Drenaje de 1.113 km del Tramo Rancho de Don Luis - Entrada a Hotel Marduk Gardens, en el Municipio de San Nicolás, departamento de Estelí. | |
| 650 | 7 | |a PAVIMENTOS | |
| 650 | 7 | |b PAVIMENTOS DE HORMIGON | |
| 650 | 7 | |c ASFALTO | |
| 650 | 7 | |d PAVIMENTOS-DISEÑO Y CONSTRUCCION | |
| 650 | 7 | |e ESTUDIO DE TRANSITO | |
| 650 | 7 | |f ESTUDIO DE SUELOS | |
| 650 | 7 | |g BANCO DE MATERIALES PARA CONSTRUCCION DE CARRETERAS | |
| 700 | 1 | |a Tutor: |b Pérez Blandón, Keyling Ninoska | |
| 942 | |c BK |2 ddc | ||
| 991 | |a TESIS | ||
| 999 | |c 16164 | ||